000 01102 a2200277 4500
005 20180312143027.0
008 150721s2015 ck ||||fr|||| 00| 0 spa d
020 _a9789587541250
040 _aCO-BoUCM
_cSandra Palacio
_dSandra Palacio
_bspa
041 0 _aspa
100 1 _aRodríguez Rodríguez, Ivonne Maritza
_970156
245 1 0 _aAproximación teórica a la violencia de pareja
_bsituación de la ciudad de Ibagué
_cIvonne Maritza Rodríguez Rodríguez
260 _aIbagué (Tolima, Colombia)
_bUnibague
_c2015
300 _a115 páginas
504 _aIncluye referencias bibliográficas
650 7 _aViolencia familiar
_926285
650 7 _aViolencia conyugal
_927677
_zColombia
650 7 _aViolencia conyugal
_926276
_xAspectos psicológicos
650 7 _aViolencia
_926272
690 _942914
_aSociología
700 1 _aHernández Cortés, Lina María
_970157
700 1 _aTarquino Bulla, Leidy Carolina
_970158
710 2 _aGrupo de Investigación GESS
_ecompilador
_970159
942 _2DEWEY
_a5
_cLIBRO
_e1
_h362.8292
_mA654
_n0
999 _c300182
_d300182